00345 a2200109 4500001000900000005001700009008004100026245005800067100002200125773007100147999001700218ART_281720260410161710.0260409a 10a¿Cuándo debe escribirse la historia hacia atrás?1 aLeontief, Wassily0 tDesarrollo económicog- Vol. 4, Nº 13 (abr./jun. 1964)wREV1174 c15998d15998